The noble scholar, jurist, historian


 His Excellency Dr. Abdul Wahhab bin Ibrahim Abu Sulaiman, may Allah have mercy on him.


 He was born in Umm Al-Qura in the year 1356 AH.

أثر الاختلاف في القواعد الأصولية فى اختلاف الفقهاء / (Record no. 4372)

MARC details
000 -LEADER
fixed length control field 01025cam a2200265 i 4500
003 - CONTROL NUMBER IDENTIFIER
control field SA-RiAUC
005 - DATE AND TIME OF LATEST TRANSACTION
control field 20250102103133.0
008 - FIXED-LENGTH DATA ELEMENTS--GENERAL INFORMATION
fixed length control field 241112s1972 le g 000 0 ara c
040 ## - CATALOGING SOURCE
Original cataloging agency SA-JeALM
Language of cataloging ara
Transcribing agency SA-RiAUC
Description conventions rda
050 #4 - LIBRARY OF CONGRESS CALL NUMBER
Item number .K45 1972
082 04 - DEWEY DECIMAL CLASSIFICATION NUMBER
Classification number 251
Assigning agency SA-RiAUC
090 ## - LOCALLY ASSIGNED LC-TYPE CALL NUMBER (OCLC); LOCAL CALL NUMBER (RLIN)
Classification number (OCLC) (R) ; Classification number, CALL (RLIN) (NR) 251
Local cutter number (OCLC) ; Book number/undivided call number, CALL (RLIN) خ ن
100 1# - MAIN ENTRY--PERSONAL NAME
Personal name الخن، مصطفى سعيد،
Dates associated with a name 1923-2008
Relator term مؤلف.
245 10 - TITLE STATEMENT
Title أثر الاختلاف في القواعد الأصولية فى اختلاف الفقهاء /
Statement of responsibility, etc. مصطفى سعيد الخن.
250 ## - EDITION STATEMENT
Edition statement الطبعة الثانية ، مزيدة ومنقحة
264 #1 - PRODUCTION, PUBLICATION, DISTRIBUTION, MANUFACTURE, AND COPYRIGHT NOTICE
Place of production, publication, distribution, manufacture بيروت :
Name of producer, publisher, distributor, manufacturer مؤسسة الرسالة،
Date of production, publication, distribution, manufacture, or copyright notice 1981
300 ## - PHYSICAL DESCRIPTION
Extent 645 صفحة ؛
Dimensions 24 سم
336 ## - CONTENT TYPE
Content type term نص
Content type code txt
Source rdacontent
Materials specified كتاب
337 ## - MEDIA TYPE
Media type term بدون وسيط
Media type code n
Source rdamedia
338 ## - CARRIER TYPE
Carrier type term مجلد
Carrier type code nc
Source rdacarrier
650 #7 - SUBJECT ADDED ENTRY--TOPICAL TERM
Topical term or geographic name entry element الاختلاف (فقه إسلامي)
Source of heading or term aucsh
650 #7 - SUBJECT ADDED ENTRY--TOPICAL TERM
Topical term or geographic name entry element أصول الفقه الإسلامي
Source of heading or term aucsh
942 ## - ADDED ENTRY ELEMENTS (KOHA)
Source of classification or shelving scheme Dewey Decimal Classification
Koha item type Books
Suppress in OPAC No
949 ## - LOCAL PROCESSING INFORMATION (OCLC)
a SA-JeALM
d 241112
u khaled123
n 1
Holdings
Withdrawn status Lost status Source of classification or shelving scheme Damaged status Not for loan Home library Current library Date acquired Total checkouts Full call number Barcode Date last seen Price effective from Koha item type
    Dewey Decimal Classification     DR AbdElwahab Library DR AbdElwahab Library 01/02/2025   251 خ ن 000006671 01/02/2025 01/02/2025 Books